000 00706nam a2200193 i 4500
001 75647
003 ES-MaACL
005 20250928125225.0
007 t|
008 040927s1932 sp ||||1| spa d
100 1 _aGruber, O. V.
_960228
245 1 0 _aFotogrametría
_b: lecciones y artículos de diversos autores publicados en alemán /
_cpor O.V. Gruber ; traducidos al español por José Mª Torroja.
260 _aMadrid :
_b[s.n.,
_c1932] (
_ePena (Alemania) :
_fCarl Zeiss ; H. Niemeyer)
300 _aXII, 484 p. ;
_c25 cm.
650 0 4 _aFotogrametría.
_912969
700 1 _aTorroja y Miret, José María,
_d1884-1954
_9151755
852 _aES-MaACL
_jA-1952
_bR.13120
999 _c75647
_d75647